Copa Mundial de la FIFA 1958 - Estadísticas

Estadísticas generales
  • Esta prueba ha sido intentada 77 veces
  • La puntuación promedio es 13 de 16
Estadísticas de respuestas
Respuesta % Correcto
D Brasil
98%
C Suecia
95%
A Argentina
94%
B Francia
94%
C México
94%
A Alemania Federal
92%
D Inglaterra
89%
B Yugoslavia
88%
A Checoslovaquia
83%
D Austria
82%
C Hungría
82%
D Unión Soviética
74%
B Escocia
73%
B Paraguay
73%
C Gales
65%
A Irlanda del Norte
62%
No se encontraron pruebas coincidentes
Distribución de puntuación
Porcentaje de gente con cada puntuación
Porcentaje por número respondido
Historial de tus puntuaciones
No has intentado esta prueba.